Países más Visitados por Presidentes de España - Estadísticas

Estadísticas generales
  • Esta prueba ha sido intentada 416 veces
  • La puntuación promedio es 17 de 21
Estadísticas de respuestas
# País % Correcto
26 Estados Unidos
99%
47 Francia
99%
23 Italia
98%
22 Alemania
97%
26 Portugal
97%
13 Reino Unido
95%
6 Argentina
94%
10 Marruecos
94%
6 México
94%
9 China
90%
116 Bélgica
89%
5 Colombia
89%
5 Rusia
87%
11 Suiza
82%
5 Chile
78%
10 Polonia
78%
5 Argelia
73%
5 Austria
71%
9 Turquía
62%
7 Ciudad del Vaticano
55%
6 Malta
29%
No se encontraron pruebas coincidentes
Distribución de puntuación
Porcentaje de gente con cada puntuación
Porcentaje por número respondido
Historial de tus puntuaciones
No has intentado esta prueba.